Piston Cup Racing Series Champions - Statistics

General Stats
  • This quiz has been taken 99 times
  • The average score is 36 of 77
Answer Stats
Hint Answer % Correct
2006 Lightning McQueen
100%
2007 Lightning McQueen
100%
2009 Lightning McQueen
100%
2010 Lightning McQueen
100%
2011 Lightning McQueen
100%
2012 Lightning McQueen
100%
2015 Lightning McQueen
100%
2016 Jackson Storm
93%
2019 Jackson Storm
93%
2025 Jackson Storm
93%
2005 Chick Hicks
79%
2017 Cruz Ramirez
74%
2018 Cruz Ramirez
74%
2021 Cruz Ramirez
74%
1951 Hudson Hornet
74%
1952 Hudson Hornet
74%
1953 Hudson Hornet
74%
1971 Strip Weathers
74%
1974 Strip Weathers
74%
1975 Strip Weathers
74%
1979 Strip Weathers
74%
1989 Strip Weathers
74%
1997 Strip Weathers
74%
2004 Strip Weathers
74%
2013 Cal Weathers
56%
1980 Dale Earnhardt
47%
1987 Dale Earnhardt
47%
1991 Dale Earnhardt
47%
1994 Dale Earnhardt
47%
2003 Dale Earnhardt Jr.
47%
1954 Lee Weathers
47%
2014 Bobby Swift
40%
2008 Winford Bradford Rutherford
40%
1950 Jack Ford
35%
1959 Jack Ford
35%
2002 Mac iCar
35%
2024 Paul Conrev
35%
1967 Mario Andretti
33%
1963 Spyder Dangerford
33%
1965 Spyder Dangerford
33%
1966 Spyder Dangerford
33%
1969 Spyder Dangerford
33%
1976 Kraig Shiftright
30%
1977 Kraig Shiftright
30%
2023 Ryan Laney
30%
1970 Bobby Carsac
28%
1981 Darrel Cartrip
28%
1982 Darrel Cartrip
28%
1985 Darrel Cartrip
28%
1958 Junior Moon
28%
1990 Klint Shiftright
28%
1992 Klint Shiftright
28%
1993 Klint Shiftright
28%
1961 Lee Cunningham
28%
1962 Lee Cunningham
28%
1960 Morris Axler
28%
1964 Morris Axler
28%
1956 River Scott
28%
2022 Tim Treadless
28%
2020 Chase Racelott
26%
1983 Don Chapcar
26%
1986 Don Chapcar
26%
1968 Joseph Anthony Foyt
26%
1957 Louise Nash
26%
1996 Murray Clutchburn
26%
1999 Murray Clutchburn
26%
1949 Slide Power
26%
1995 Ernie Gearson
23%
2000 Haul Inngas
23%
1955 Leroy Heming
23%
1972 Thomas Tireson
23%
1973 Thomas Tireson
23%
1978 Alloy Wilson
21%
1984 Alloy Wilson
21%
1988 Bill Racelott
21%
1998 Eugene Carbureski
21%
2001 Rusty Cornfuel
21%
No matching quizzes found
Score Distribution
Percent of People with Each Score
Percentile by Number Answered
Your Score History
You have not taken this quiz